000 00755nam a2200253Ia 4500
003 OSt
005 20220918171733.0
006 a|||||r|||| 00| 0
007 ta
008 220917b |||||||| |||| 00| 0 eng d
020 _a9788173048012 (hbk)
_c775
024 _a242,999
037 _b135, 17/08/2010, Eastern Book Linkers
_cTextual
040 _aARTS
_cARTS
_beng
041 _2eng
_aeng
082 _aQ2:22:g, P9
100 _aNath Vijay
_938561
245 0 _aPuranic world
_b Environment. gender, ritual and myth
260 _aNew Delhi
_bManohar India
_c2009
300 _a309p.
_ccm.
650 _aRELIGION
942 _hQ2:22:g, P9
_cTEXL
_2CC
999 _c141169
_d141169